000 00761nam a2200229 i 4500
001 34186
003 ES-MaACL
005 20251122063108.0
007 t|
008 030204s1972 sp ||||1| spa d
080 _a821.111-94"18"
080 _a913(460)"18"
100 1 _aBlanco White, José María,
_d1775-1841
_929306
245 1 0 _aCartas de España /
_cJosé María Blanco y Crespo ; introducción de Vicente Llorens ; traducción y notas de Antonio Gárnica.
260 _aMadrid :
_bAlianza,
_c[1972]
300 _a409 p. ;
_c18 cm.
651 4 _aEspaña-
_xDescripción.
_98184
700 1 _aLlorens, Vicente,
_d1906-1979
_972884
700 1 _aGarnica, Antonio.
_9199697
852 _aES-MaACL
_jC-42861
_bR.81514
999 _c34186
_d34186